The builder of modern india sardar patel / (Record no. 151831)

MARC details
000 -LEADER
fixed length control field 00683nam a22001937a 4500
005 - DATE AND TIME OF LATEST TRANSACTION
control field 20180503102134.0
010 ## - LCCN (DPL NO)
LC control number ENG-122858
020 ## - INTERNATIONAL STANDARD BOOK NUMBER
International Standard Book Number 9789382885337
Terms of availability 995.00
035 ## - SYSTEM CONTROL NUMBER
System control number EN-106390
037 ## - SOURCE OF ACQUISITION
Source of stock number/acquisition DBAD/PUB
082 ## - DEWEY DECIMAL CLASSIFICATION NUMBER
Classification number 954.092
100 ## - MAIN ENTRY--PERSONAL NAME
Personal name Bhargaw, Pushpa
245 ## - TITLE STATEMENT
Title The builder of modern india sardar patel /
Statement of responsibility, etc by Pushpa Bhargaw
260 ## - PUBLICATION, DISTRIBUTION, ETC. (IMPRINT)
Place of publication, distribution, etc Delhi
Name of publisher, distributor, etc Kumud Publications
Date of publication, distribution, etc 2016
270 ## - ADDRESS
Address K-129, Gali No. 3, 3-1/2 Pusta Near Shiv Om Jewellers, Gautam Vihar,
City Delhi
Postal code 110053
Telephone number 9811281638, 9953918120
Electronic mail address kumudbooks@gmail.com
300 ## - PHYSICAL DESCRIPTION
Extent v, 303p.
Dimensions 22cm(Hb)
Other physical details ill.
500 ## - GENERAL NOTE
General note It include bibliography and index
942 ## - ADDED ENTRY ELEMENTS (KOHA)
Source of classification or shelving scheme Dewey Decimal Classification
Item type English Books
Call number suffix BHA
Classification part 954.092
Holdings
Withdrawn status Lost status Not for loan Collection code Home library Current library Date acquired Source of acquisition Cost, normal purchase price Full call number Barcode Copy number Cost, replacement price Koha item type
      Non-fiction Bawana Bawana 03/05/2018 DBAD/PUB 995.00 954.092 BHA EN-106390 1 995.00 English Books

© Delhi Public Library
Hit Counter
free hit counter